000 00247nam a2200097Ia 4500
001 811514
005 20250826171542.0
008 250824s9999 xx 000 0 und d
245 0 _aSÜTKUŞUN ÇOCUKLARI
_cHÜLYA KİBAROĞLU
260 _bELMA YAYINLARI
999 _c811514
_d811514